000 00573nam a2200241Ia 4500
005 20260306150616.0
008 008 260114s9999 xx 000 0 eng d
020 _a9783110445053
037 _aEbook
040 _aCRL
040 _beng
040 _cCRL
041 _2eng
041 _aeng
084 _qCRL
245 0 _aEnergy Harvesting for Wireless Sensor Networks
260 _bDe Gruyter Oldenbourg
260 _c2019
650 _aPhysics
856 _uhttps://www.degruyter.com/isbn/9783110445053
942 _cEBOOK
999 _c1698118
_d1698118